Geometry Dash - Basic Ball - Statistics

General Stats
  • This quiz has been taken 59 times
    53 since last reset
  • The average score is 14 of 15
Answer Stats
Question Answer % Correct
which update included fingerdash 2.1
100%
first demon (robtop levels) clubstep
100%
who is the real verifier of slaughterhouse - spaceuk or doggie doggie
100%
which has higher object count: orbit by mindcap or every end by mindcap every end
100%
Is Slaughterhouse easier than The Golden no
100%
who's the best out of doggie, trick, diamond, and wPopoff wpopoff
100%
Is jetpack a gamemode in gd yes
100%
Most famous top 1 bloodbath
98%
is tax evasion possible (true or false) false
98%
Is old Death Corridor impossible (true or false) true
98%
Who is the best player in TCD trick
95%
Zobros most famous level nine circles
93%
Who verified Sakupen Circles diamond
91%
who verified unerfed yatagasaru zoink
91%
fastest portal in gd 4x speed
70%
No matching quizzes found
Score Distribution
Percent of People with Each Score
Percentile by Number Answered
Your Score History
You have not taken this quiz since the last reset